000 01397nam0a2200325 i 4500
001 RU\NLR\BIBL_A\010259521
005 20260408170807.0
021 _aRU
_b2014-2819
_9172
035 _a(NILC)RuMoRGB-006731539
035 _a(NLR Aleph) 010259521
090 _a10451737
_c10451737
100 _a20140319d2012 u y0rusy50 ca
101 0 _arus
102 _aRU
105 _ay|||z|||000yy
200 1 _aКто организовал убийство немецкого посла В. Мирбаха
_e(российская детективная хроника эпохи 1918 года)
_fЩеголихин А. Я.
210 _aМосква
_cЦентральная типография
_d2012
215 _a63 с.
_cтабл.
_d20
320 _aБиблиогр.: с. 62
600 1 _aМирбах
_bВ. фон
_f1871 - 1918
_gВильгельм фон
_92603650
_3RU\NLR\AUTH\661540208
606 _aКонтрреволюционные мятежи в СССР
_z1918 - 1920
_3RU\NLR\AUTH\66595615
_91413063
686 1 _aТ3(4Г)61-8
686 1 _aТ3(2)712.161
700 1 _aЩеголихин
_bА. Я.
_f1936-
_gАнатолий Яковлевич
702 1 _4570
_8rus
_7ca
_aМирбах
_bВ. фон
_f1871-1918
_gВильгельм фон
_3RU\NLR\AUTH\7791272
_974199
801 0 _aRU
_bРГБ
_c20140204
_gRCR
942 _cBOOK
980 _aNBR